Statistics for Cities in a foreign language (sieben)

Click here to take the quiz!

General Stats

  • This quiz has been taken 23 times
  • The average score is 13 of 15

Answer Stats

CityLanguageEnglish name% Correct
BeiroetDutchBeirut
100%
LondresFrenchLondon
100%
Città del MessicoItalianMexico City
100%
PařížCzechParis
100%
SofjeAlbanianSofia
100%
HaydarabatTurkishHyderabad
90%
SiviljaMalteseSeville
90%
EstrasburgoBasqueStrasbourg
90%
VuhanHungarianWuhan
90%
KantonSwedishGuangzhou
85%
Ciudad de El CaboSpanishCape Town
80%
DraždaniSloveneDresden
80%
KönigsbergGermanKaliningrad
75%
HampuriFinnishHamburg
70%
OtavaPortugueseOttawa
65%

Score Distribution

Percentile by Number Answered

Percent of People with Each Score

Your Score History

You have not taken this quiz